000 00912nam2a22002531 4500
001 RU\NLR\INFOCOMM31\5000055890
005 20250617021516.0
035 _a(NLR Aleph) 002370523
090 _a4570721
_c4570721
100 _a20041203d1897 |||y0rusy50 ca
101 0 _arus
102 _aRU
105 _ay ||||000|y
200 1 _aИщут человека
_fЕ. Гольмберг
210 _d1897
_aБ. м.
461 0 _1001RU\NLR\INFOCOMM31\5000055805
_12001#$aТеатральная библиотека$eЕжемес. журн.$vГ.6 1897, Кн.8(№64)
_94570642
_cМ.
_d1891-1898
_nФ.А. Куманин
_oЕжемес. журн.
_tТеатральная библиотека
_vГ.6 1897, Кн.8(№64)
700 1 _aГольмберг
_bЕ.
_4070
801 1 _aRU
_bInfoComm
_c20041203
801 0 _aRU
_bNLR
_gPSBO
852 _aNLR
_j2/1517
942 _cISSUE
980 _aNB
980 _aRUSPER